Notas sobre un escándalo /
Uloženo v:
| Hlavní autor: | |
|---|---|
| Médium: | Text |
| Tagy: |
Přidat tag
Žádné tagy, Buďte první, kdo vytvoří štítek k tomuto záznamu!
|
MARC
| LEADER | 00000 a a2200000 04500 | ||
|---|---|---|---|
| 001 | 45399 | ||
| 003 | |||
| 040 | |||
| 100 | |a López Vigil, María | ||
| 245 | |a Notas sobre un escándalo / |c María López Vigil | ||
| 773 | |g volumen26, número307 (2007), páginas 23-27 | ||
| 999 | |c 20717 |d 20717 | ||
